Educación comparada: estudio de los factores y tradiciones educacionales
Saved in:
| Hovedforfatter: | |
|---|---|
| Format: | Bog |
| Sprog: | spansk |
| Udgivet: |
Buenos Aires
Nova
1953
|
| Serier: | Biblioteca Nova de educación
|
| Fag: | |
| Tags: |
Tilføj Tag
Ingen Tags, Vær først til at tagge denne postø!
|
MARC
| LEADER | 00000nam a2200000 a 4500 | ||
|---|---|---|---|
| 001 | UCY8540 | ||
| 003 | CL-VaPUC | ||
| 008 | 950703e19530000AG |||||||||||||||||spa|d | ||
| 082 | 0 | 4 | |a 370.195 |b HAN |2 21 |
| 100 | 0 | |a Hans, Nicholas |e author |9 339979 | |
| 245 | 1 | 0 | |a Educación comparada: estudio de los factores y tradiciones educacionales |
| 300 | |a 346 p | ||
| 942 | |c BK | ||
| 945 | |d 19950703 00:00:00 |a cmena | ||
| 260 | |a Buenos Aires |b Nova |c 1953 | ||
| 650 | 7 | |a EDUCACION COMPARADA |2 CL-VaPUC |9 307694 | |
| 650 | 0 | |a Educación intercultural |9 339736 | |
| 650 | 7 | |a EDUCACION INTERNACIONAL |2 CL-VaPUC |9 308760 | |
| 650 | 0 | |a Sistemas educacionales |9 324695 | |
| 650 | 0 | |a Investigación educacional |9 261192 | |
| 650 | 7 | |a FACTORES CULTURALES |2 CL-VaPUC |9 339980 | |
| 650 | 7 | |a FACTORES SOCIOECONOMICOS |2 CL-VaPUC |9 339981 | |
| 650 | 0 | |a Democratización de la educación |9 307986 | |
| 651 | 0 | |a Inglaterra |9 255158 | |
| 651 | 0 | |a Estados Unidos |9 255178 | |
| 651 | 0 | |a Francia |9 255157 | |
| 651 | 0 | |a Unión Soviética |9 256769 | |
| 583 | |a last modification |c 19950703 00:00:00 |k Rodrigo Vera | ||
| 490 | 0 | |a Biblioteca Nova de educación | |
| 999 | |c 235774 |d 235772 | ||
| 952 | |0 0 |1 0 |4 0 |6 370_195000000000000_HAN_1953 |7 0 |8 P |9 243398 |a BIBEDU |b BIBEDU |c BIBEDU_PB |d 2019-11-18 |i 1524577 |o 370.195 HAN 1953 |p 1524577 |r 2024-01-25 |w 2019-11-18 |y BK |k EDU | ||